00472nam a2200157Ia 450000500170000000800410001708200130005810000110007124500210008226000350010330000130013850000430015194200060019495200990020099900150029920250313141133.0240331s9999 xx 000 0 und d bGNAa894 aGnani, 0aNeruppu malarkal aChennaibAnantha Vikadanc2006 a144 p ., aA book of Indian Ladies Scarifications cL 001040708LaWERCLbWERCLcSSCd2024-03-31l0o 894.811 GNAp5542r2024-03-31w2024-03-31yL c3829d3829